000 00255nam a2200109Ia 4500
008 220630s9999 xx 000 0 und d
020 _a978 0 00 744450 2
082 _aEF Tolk
100 _aTolkien Simon
_9125871
245 0 _aFinal witness
942 _cBK
_w561
_xJohn Tresidder
_y561
_zJohn Tresidder
999 _c699462
_d699461